[Event "Emerald City Open"]
[Site "Chess.com"]
[Date "2020.06.20"]
[Round "?"]
[White "Tessiore, Luca"]
[Black "Li, Emma"]
[Result "0-1"]
[WhiteElo "1135"]
[BlackElo "1342"]
[PlyCount "60"]
[EventDate "2020.??.??"]

1. d4 d5 2. c4 c6 3. Nf3 Nf6 4. Nc3 e6 5. Bg5 Be7 6. e3 h6 7. Bh4 Nbd7 8. Bd3
dxc4 9. Bxc4 Nb6 10. Bb3 Nbd5 11. O-O O-O 12. Nxd5 exd5 13. Bc2 Bg4 14. Bxf6
Bxf6 15. Qd3 g6 16. Ne5 Bxe5 17. dxe5 Qg5 18. f4 Qh5 19. Rae1 Rad8 20. b4 Bf5
21. Qd2 Bxc2 22. Qxc2 d4 23. exd4 Rxd4 24. a3 Rfd8 25. e6 Qd5 26. Rd1 Rxd1 27.
exf7+ Kxf7 28. Qa4 Rxf1+ 29. Kxf1 Qd1+ 30. Kf2 Qxa4 0-1

[Event "Emerald City Open"]
[Site "Chess.com"]
[Date "2020.06.20"]
[Round "?"]
[White "Willy, Stephen"]
[Black "Tessiore, Luca"]
[Result "0-1"]
[WhiteElo "1137"]
[BlackElo "1135"]
[PlyCount "120"]
[EventDate "2020.??.??"]

1. e4 c5 2. Nf3 Nc6 3. d4 cxd4 4. c3 dxc3 5. Nxc3 g6 6. Bc4 Bg7 7. O-O d6 8.
Be3 Nf6 9. Re1 O-O 10. Qd2 Ng4 11. Rad1 Nxe3 12. Qxe3 Bg4 13. h3 Bxf3 14. gxf3
Ne5 15. Bb3 Kh8 16. f4 Nd7 17. Kf1 Nc5 18. Bc4 Qb6 19. Rd2 a6 20. Ke2 e6 21. h4
Qc6 22. h5 Bh6 23. hxg6 fxg6 24. Rh1 Bxf4 25. Qh3 h5 26. Qg2 Rf6 27. Rdd1 Raf8
28. Rdg1 Bh6 29. f3 Nxe4 30. fxe4 Rf2+ 31. Qxf2 Qxc4+ 32. Ke1 Rxf2 33. Kxf2
Qd4+ 34. Kf1 Qd3+ 35. Kg2 Qd2+ 36. Kf1 Be3 37. Ne2 Qd1+ 38. Kg2 Qxe2+ 39. Kh3
Bxg1 40. Rxg1 Qe3+ 41. Rg3 Qxe4 42. Rc3 g5 43. Rc8+ Kg7 44. Rc7+ Kg6 45. Rc3
Qh1+ 46. Kg3 g4 47. Kf4 e5+ 48. Ke3 g3 49. Kd2 g2 50. Rg3+ Kf6 51. Rxg2 Qxg2+
52. Kc3 h4 53. Kd3 h3 54. Ke3 h2 55. b4 h1=Q 56. b5 Qe1+ 57. Kd3 Qgd2+ 58. Kc4
Qec1+ 59. Kb3 Qdb2+ 60. Ka4 Qxb5# 0-1

[Event "Emerald City Open"]
[Site "Chess.com"]
[Date "2020.06.21"]
[Round "?"]
[White "Smith, Catherine"]
[Black "Tessiore, Luca"]
[Result "0-1"]
[WhiteElo "1522"]
[BlackElo "1135"]
[PlyCount "78"]
[EventDate "2020.??.??"]

1. e4 c5 2. Nf3 Nc6 3. Nc3 g6 4. Bc4 e6 5. O-O Bg7 6. Bb5 Nge7 7. a3 O-O 8. d3
a6 9. Bxc6 Nxc6 10. Bd2 d5 11. exd5 exd5 12. Qc1 Bg4 13. Ne1 d4 14. Ne4 Be2 15.
Nxc5 b6 16. Ne4 Bxf1 17. Kxf1 Rc8 18. Nf3 Na5 19. Bxa5 bxa5 20. Qd2 Qc7 21. Rc1
a4 22. g3 Qb7 23. c3 f5 24. Neg5 h6 25. Nh4 hxg5 26. Qxg5 Rce8 27. Kg1 Qxb2 28.
cxd4 Qb7 29. Nxg6 Rf7 30. h4 Qd5 31. h5 Qxd4 32. h6 Qf6 33. Qh5 Bf8 34. d4 Bxa3
35. Rc4 Re1+ 36. Kg2 Qe6 37. Ne5 Rxe5 38. Qg5+ Kh7 39. dxe5 Qxc4 0-1

[Event "Emerald City Open"]
[Site "Chess.com"]
[Date "2020.06.21"]
[Round "?"]
[White "Tessiore, Luca"]
[Black "Brown, Northern"]
[Result "1-0"]
[WhiteElo "1135"]
[BlackElo "1480"]
[PlyCount "111"]
[EventDate "2020.??.??"]

1. d4 g6 2. e4 Bg7 3. Nf3 d6 4. Nc3 Nf6 5. Bd3 O-O 6. O-O Bg4 7. Be2 Nbd7 8. h3
Bxf3 9. Bxf3 e5 10. Be3 exd4 11. Bxd4 Ne5 12. Be2 Nc6 13. Be3 Re8 14. Bd3 Qd7
15. Re1 d5 16. exd5 Nxd5 17. Nxd5 Qxd5 18. c3 Rad8 19. Bf1 Qf5 20. Qb3 Na5 21.
Qb5 Qxb5 22. Bxb5 c6 23. Be2 b6 24. Rad1 Nb7 25. Bf3 Na5 26. Rxd8 Rxd8 27. Bg5
f6 28. Bf4 Nc4 29. b4 Ne5 30. Bxe5 fxe5 31. Bxc6 Rd2 32. Be4 Kf8 33. a3 b5 34.
Ra1 Re2 35. Bd3 Rd2 36. Bxb5 e4 37. Rc1 Bh6 38. Re1 Bg7 39. c4 Bd4 40. Rxe4
Bxf2+ 41. Kf1 Bg3 42. Re8+ Kf7 43. Ra8 Rf2+ 44. Kg1 Rd2 45. Rxa7+ Kf6 46. c5
Kg5 47. Rxh7 Ra2 48. Ra7 Kf4 49. a4 Ke4 50. a5 Ra1+ 51. Bf1 Kd5 52. Rd7+ Kc6
53. Rg7 Bf4 54. Rxg6+ Kb7 55. Re6 Rb1 56. b5 1-0

[Event "Emerald City Open"]
[Site "Chess.com"]
[Date "2020.06.20"]
[Round "?"]
[White "Kona, Vidip"]
[Black "Pendharkar, Gaurang"]
[Result "1-0"]
[WhiteElo "1261"]
[BlackElo "1488"]
[PlyCount "81"]
[EventDate "2020.??.??"]

1. e4 d5 2. exd5 Qxd5 3. Nc3 Qa5 4. d4 Nf6 5. Bd3 c6 6. Bd2 Qb6 7. Nge2 Bg4 8.
O-O e6 9. f3 Bh5 10. Na4 Qc7 11. c4 Bd6 12. g3 Bg6 13. Qc2 Nbd7 14. b4 Bxd3 15.
Qxd3 O-O 16. Bf4 e5 17. dxe5 Nxe5 18. Qc3 Rad8 19. c5 Nxf3+ 20. Rxf3 Bxf4 21.
Nxf4 Rfe8 22. Re1 Qd7 23. Rd3 Qf5 24. Re5 Rxd3 25. Rxf5 Rxc3 26. Nxc3 Re3 27.
Nfe2 Nd7 28. Rf4 Nf6 29. Rd4 h6 30. Kf2 Re8 31. Kf3 Ra8 32. Ne4 Nd5 33. Nf4 a5
34. a3 axb4 35. axb4 Ra3+ 36. Ke2 Nxf4+ 37. gxf4 Rh3 38. Rd7 Rxh2+ 39. Kf3 h5
40. Ng5 f6 41. Rd8# 1-0

[Event "Emerald City Open"]
[Site "Chess.com"]
[Date "2020.06.20"]
[Round "?"]
[White "Pendharkar, Gaurang"]
[Black "Ma, Lucas"]
[Result "1-0"]
[WhiteElo "1488"]
[BlackElo "1089"]
[PlyCount "121"]
[EventDate "2020.??.??"]

1. e4 e5 2. d4 exd4 3. c3 dxc3 4. Nxc3 Nc6 5. Bc4 Nf6 6. Nf3 d6 7. Qb3 Qe7 8.
O-O g6 9. Bg5 Bg7 10. Nd5 Na5 11. Qa4+ Qd7 12. Qxa5 Nxd5 13. Bxd5 O-O 14. Qd2
a6 15. Bh6 Rb8 16. Bxg7 Kxg7 17. Qc3+ Kg8 18. Rac1 c6 19. Bb3 Re8 20. Ng5 Rf8
21. f4 Qe7 22. Rfe1 h6 23. Nf3 Qc7 24. f5 Kh7 25. Qf6 Qd8 26. Qxd8 Rxd8 27.
Bxf7 gxf5 28. exf5 Bxf5 29. Re7 Kh8 30. Nd4 Bh7 31. Rce1 Bg8 32. Bxg8 Kxg8 33.
Rc7 Re8 34. Rxe8+ Rxe8 35. Rxb7 Re1+ 36. Kf2 Re5 37. Nxc6 Rc5 38. Nb8 Ra5 39.
a3 Rb5 40. Rxb5 axb5 41. Ke3 Kf7 42. Ke4 Ke6 43. Kd4 d5 44. Nc6 Kd6 45. Nb4 Ke6
46. Nxd5 Kd6 47. b3 Kc6 48. a4 Kd6 49. axb5 Kd7 50. b6 Ke8 51. b7 Kf8 52. b8=Q+
Kf7 53. Qe5 Kf8 54. b4 Kg8 55. b5 Kf8 56. b6 Kg8 57. b7 Kf8 58. b8=Q+ Kf7 59.
Qbc7+ Kf8 60. Qee7+ Kg8 61. Qg7# 1-0

[Event "Emerald City Open"]
[Site "Chess.com"]
[Date "2020.06.20"]
[Round "?"]
[White "Pendharkar, Gaurang"]
[Black "Li, Emma"]
[Result "1-0"]
[WhiteElo "1488"]
[BlackElo "1342"]
[PlyCount "39"]
[EventDate "2020.??.??"]

1. e4 e5 2. d4 exd4 3. c3 dxc3 4. Nxc3 Nc6 5. Bc4 Nf6 6. Nf3 d6 7. Qb3 Qd7 8.
Ng5 Ne5 9. Bb5 c6 10. f4 Qc7 11. fxe5 Nxe4 12. Ncxe4 cxb5 13. Nxd6+ Bxd6 14.
exd6 Qc4 15. Qxc4 bxc4 16. O-O O-O 17. Re1 h6 18. Ne4 Re8 19. Nf6+ gxf6 20.
Rxe8+ 1-0

[Event "Emerald City Open"]
[Site "Chess.com"]
[Date "2020.06.21"]
[Round "?"]
[White "Brown, Northern"]
[Black "Pendharkar, Gaurang"]
[Result "1-0"]
[WhiteElo "1480"]
[BlackElo "1488"]
[PlyCount "95"]
[EventDate "2020.??.??"]

1. Nf3 d5 2. g3 Nf6 3. Bg2 c5 4. d3 Nc6 5. Nbd2 e5 6. O-O Be7 7. Re1 O-O 8. e4
d4 9. Nc4 Qc7 10. Ng5 h6 11. Nf3 Bg4 12. h3 Be6 13. Nh2 Nd7 14. f4 Bxc4 15.
dxc4 exf4 16. gxf4 Bh4 17. Rf1 Ne7 18. Qg4 Ng6 19. Nf3 Nf6 20. Qf5 Ne7 21. Qe5
Qxe5 22. fxe5 Nd7 23. Nxh4 Nxe5 24. Nf5 N7g6 25. Nd6 Rab8 26. b3 Rfd8 27. Nf5
a6 28. Bb2 b5 29. cxb5 axb5 30. a4 b4 31. Rfd1 Nf4 32. Bf1 Re8 33. a5 Re6 34.
a6 Rg6+ 35. Kf2 Kf8 36. Ra2 Ra8 37. Rda1 Ke8 38. Bc1 Ne6 39. a7 Nc7 40. Bf4 Re6
41. Nxg7+ Ke7 42. Nxe6 Kxe6 43. Bc4+ Kf6 44. Bd5 Nxd5 45. Bxe5+ Ke6 46. exd5+
Kxe5 47. Ra6 Kxd5 48. Rb6 1-0

[Event "Emerald City Open"]
[Site "Chess.com"]
[Date "2020.06.21"]
[Round "?"]
[White "Pendharkar, Gaurang"]
[Black "Liotta, Nicholas"]
[Result "0-1"]
[WhiteElo "1488"]
[BlackElo "1419"]
[PlyCount "120"]
[EventDate "2020.??.??"]

1. e4 e6 2. d4 d5 3. exd5 exd5 4. Bd3 Nc6 5. Nf3 Bg4 6. c3 Bd6 7. O-O Nge7 8.
h3 Bh5 9. Bg5 h6 10. Bxe7 Nxe7 11. Nbd2 Qd7 12. Rc1 g5 13. Ne5 Bxd1 14. Nxd7
Kxd7 15. Rfxd1 Rag8 16. c4 g4 17. h4 g3 18. fxg3 Rxg3 19. Nf3 Rhg8 20. Ne5+
Bxe5 21. dxe5 Rxg2+ 22. Kh1 R2g4 23. Rc2 Rxh4+ 24. Rh2 Rxh2+ 25. Kxh2 c6 26.
cxd5 Nxd5 27. Bf5+ Ke7 28. Rd4 Rd8 29. Rh4 Ne3 30. Bh3 Rd2+ 31. Kg1 Rxb2 32.
Rxh6 Rxa2 33. Rh7 Kf8 34. e6 fxe6 35. Bxe6 Rg2+ 36. Kh1 Rg7 37. Rh3 Ng4 38.
Rh8+ Ke7 39. Bxg4 Rxg4 40. Rh7+ Kd6 41. Rxb7 a5 42. Ra7 a4 43. Kh2 Rc4 44. Kg3
Kc5 45. Kf2 Kb4 46. Ke2 a3 47. Kd3 Rc3+ 48. Kd2 Rc5 49. Kd3 Ra5 50. Rb7+ Kc5
51. Rb1 a2 52. Ra1 Kb4 53. Kc2 Rh5 54. Rxa2 Rh2+ 55. Kb1 Rxa2 56. Kxa2 Kc3 57.
Kb1 c5 58. Kc1 c4 59. Kd1 Kb2 60. Kd2 c3+ 0-1

[Event "Emerald City Open"]
[Site "Chess.com"]
[Date "2020.06.20"]
[Round "?"]
[White "Edmond, Ivy"]
[Black "Tatikonda, Nihanth"]
[Result "0-1"]
[WhiteElo "1090"]
[BlackElo "1226"]
[PlyCount "92"]
[EventDate "2020.??.??"]

1. d4 Nf6 2. c4 g6 3. Nc3 Bg7 4. e4 d6 5. Nf3 O-O 6. Be2 e5 7. dxe5 dxe5 8. O-O
Nc6 9. Be3 Be6 10. Re1 Qe7 11. b3 Rfd8 12. Qc1 a6 13. Rd1 Rxd1+ 14. Qxd1 Rd8
15. Qc2 Rd7 16. h3 b6 17. Qb2 a5 18. Qc2 Nb4 19. Qb2 Na6 20. a3 Nc5 21. Bf1
Ncxe4 22. Nxe4 Nxe4 23. Qc2 Nc5 24. a4 e4 25. Nd4 Bxd4 26. Bxd4 Rxd4 27. g3 Qd8
28. h4 Bf5 29. Qb2 Rd1 30. Rxd1 Qxd1 31. Kg2 Qxb3 32. Qxb3 Nxb3 33. Kh2 Nc5 34.
Kh1 Nxa4 35. Kh2 Nc3 36. Kh1 a4 37. Kh2 a3 38. Kg1 a2 39. Kh2 a1=Q 40. Kg1 Ne2+
41. Kg2 Bh3+ 42. Kxh3 Qxf1+ 43. Kg4 f5+ 44. Kg5 Qxf2 45. Kf6 Qd4+ 46. Ke6 Qd6#
0-1

[Event "Emerald City Open"]
[Site "Chess.com"]
[Date "2020.06.20"]
[Round "?"]
[White "Shen, Lixing"]
[Black "Edmond, Ivy"]
[Result "1-0"]
[WhiteElo "1083"]
[BlackElo "1090"]
[PlyCount "91"]
[EventDate "2020.??.??"]

1. e4 c5 2. d4 cxd4 3. c3 dxc3 4. Nxc3 Nc6 5. Bb5 e5 6. Nf3 d6 7. O-O a6 8. Bc4
Nf6 9. Bg5 Be7 10. Bxf6 Bxf6 11. Qe2 O-O 12. Rad1 Qc7 13. Nd5 Qd8 14. Qd2 b5
15. Bb3 h6 16. Nxf6+ Qxf6 17. Qxd6 Qxd6 18. Rxd6 Ne7 19. Nxe5 Bb7 20. Rd7 Nc6
21. Nxf7 Bc8 22. Nd6+ Kh8 23. Rc7 Na5 24. Bd5 Rb8 25. Nxc8 Rbxc8 26. Rxc8 Rxc8
27. e5 Re8 28. Re1 Re7 29. e6 Kh7 30. f4 Kg6 31. g4 Kf6 32. h4 Kg6 33. f5+ Kh7
34. Rc1 Kh8 35. Rc8+ Kh7 36. Rd8 Nc4 37. Bxc4 bxc4 38. Kf2 g6 39. Rd7 Rxd7 40.
exd7 Kg8 41. d8=Q+ Kf7 42. Qd7+ Kg8 43. Qe6+ Kg7 44. Qe7+ Kg8 45. fxg6 Kh8 46.
Qf8# 1-0

[Event "Emerald City Open"]
[Site "Chess.com"]
[Date "2020.06.20"]
[Round "?"]
[White "Ruff, Lois"]
[Black "Edmond, Ivy"]
[Result "1-0"]
[WhiteElo "1027"]
[BlackElo "1090"]
[PlyCount "83"]
[EventDate "2020.??.??"]

1. e4 c5 2. Nf3 Nc6 3. c3 e5 4. d4 d6 5. Bb5 Bd7 6. d5 Nb8 7. Qa4 a6 8. Bg5 Qc8
9. Bxd7+ Qxd7 10. Qc2 Be7 11. Qd2 Nf6 12. O-O Nxe4 13. Qe3 Nxg5 14. Nxg5 Bxg5
15. Qxg5 Kf8 16. c4 a5 17. a3 b6 18. Nc3 Na6 19. Ne4 Qd8 20. Qh5 h6 21. f4 exf4
22. Rxf4 Qe7 23. Raf1 g6 24. Qxg6 Ke8 25. Qxf7+ Qxf7 26. Rxf7 Kd8 27. Nf6 Nc7
28. Rd7+ Kc8 29. Re1 Rf8 30. Rxd6 Kb7 31. Rc6 Na6 32. Re7+ Kb8 33. Nd7+ Kb7 34.
Nxf8+ Kb8 35. Nd7+ Kb7 36. Rxb6+ Kc8 37. d6 Kd8 38. Rb7 a4 39. Nb6 Rb8 40.
Rxb8+ Nxb8 41. Rh7 Nc6 42. Rh8# 1-0

[Event "Emerald City Open"]
[Site "Chess.com"]
[Date "2020.06.21"]
[Round "?"]
[White "Edmond, Ivy"]
[Black "Susa, Avik"]
[Result "1-0"]
[WhiteElo "1090"]
[BlackElo "452"]
[PlyCount "61"]
[EventDate "2020.??.??"]

1. d4 d5 2. c4 Nf6 3. Nc3 e6 4. Bf4 Be7 5. e3 O-O 6. Nf3 Nc6 7. Bd3 Bd7 8. O-O
Bb4 9. a3 Bxc3 10. bxc3 Rb8 11. Bc2 Ne7 12. Qd3 b6 13. Bg5 e5 14. Nxe5 Bf5 15.
Qd2 Bxc2 16. Qxc2 Ne4 17. Bxe7 Qxe7 18. Nc6 Qg5 19. Nxb8 Rxb8 20. cxd5 Nd6 21.
Qa4 Qxd5 22. Qxa7 Re8 23. Qxc7 Re6 24. Qxb6 Nb7 25. Qb1 Rg6 26. g3 Rh6 27. Qb2
Qh5 28. h4 Qf3 29. Rab1 g6 30. Qxb7 Qxb7 31. Rxb7 1-0

[Event "Emerald City Open"]
[Site "Chess.com"]
[Date "2020.06.21"]
[Round "?"]
[White "Murarka, Avni"]
[Black "Edmond, Ivy"]
[Result "1-0"]
[WhiteElo "1026"]
[BlackElo "1090"]
[PlyCount "125"]
[EventDate "2020.??.??"]

1. e4 c5 2. Nf3 Nc6 3. Bc4 Nf6 4. d3 e5 5. Bg5 d6 6. O-O Be7 7. Nc3 O-O 8. Re1
h6 9. Be3 Re8 10. Qd2 Bf8 11. Nh4 Ng4 12. Ng6 Nxe3 13. Qxe3 Nd4 14. Rac1 Qf6
15. Nxf8 Rxf8 16. Nd5 Qd8 17. c3 Nc6 18. Qg3 Na5 19. Re3 Nxc4 20. dxc4 Rb8 21.
Rf3 Kh7 22. Ne3 Qg5 23. Qxg5 hxg5 24. Nd5 f6 25. Ne7 Re8 26. Nxc8 Rbxc8 27.
Rh3+ Kg8 28. Rd1 Red8 29. Rhd3 Rc6 30. Kf1 a6 31. Ke2 Rd7 32. Kf3 Rb6 33. b3
Rc6 34. Kg4 Rd8 35. Kf5 Kf7 36. g3 Rd7 37. f4 exf4 38. gxf4 gxf4 39. Kxf4 g5+
40. Kf5 Rd8 41. Rh3 Rf8 42. Rh7+ Ke8 43. Rxb7 Rf7 44. Rb8+ Ke7 45. Kg6 Ke6 46.
Re8+ Kd7 47. Kxf7 Kc7 48. Kxf6 g4 49. Rg8 Kb7 50. Rxg4 Kc7 51. h4 d5+ 52. Kf5
dxe4 53. Rxe4 Rh6 54. Rh1 Kb7 55. Re6 Rh5+ 56. Kg4 Rh8 57. Rg6 a5 58. h5 Ka7
59. h6 Kb7 60. h7 Ka7 61. Rg8 Rxh7 62. Rxh7+ Kb6 63. Rg6# 1-0